Statistics for Countries With the Least Amount of Coastline

Click here to take the quiz!

General Stats

  • This quiz has been taken 26 times
  • The average score is 7 of 10

Answer Stats

KmAnswer% Correct
7Monaco
96%
27Slovenia
83%
18Bosnia & Herzegovina
78%
20Nauru
74%
50Togo
65%
91Iraq
61%
78Tuvalu
61%
95Belgium
57%
27Jordan
57%
90Barbados
48%

Score Distribution

Percentile by Number Answered

Percent of People with Each Score

Your Score History

You have not taken this quiz